[Event "Let's Play Chess!"]
[Site "http://www.queenalice.com/game.php?id=1064243"]
[Date "2012.5.30"]
[Round "-"]
[White "Nexus"]
[Black "FerreiraAzevedo"]
[Result "0-1"]
[WhiteElo "1100"]
[BlackElo "2647"]

1. e4 c5 2. Nf3 Nc6 3. Bb5 g6 4. O-O Bg7 5. Bxc6 bxc6 6. d3 Qc7 7. Nc3 Nf6 8.
Be3 d6 9. Ne2 Ng4 10. Rb1 Nxe3 11. fxe3 Rb8 12. b3 Qa5 13. a4 Bh6 14. Nf4 e5 15.
Nxg6 Bxe3+ 16. Kh1 hxg6 17. Qe2 Bf4 18. h4 g5 19. Qf2 g4 20. g3 gxf3 21. gxf4
Qd8 22. f5 Rxh4+ 23. Kg1 Qg5+ 0-1

[Event "Let's Play Chess!"]
[Site "http://www.queenalice.com/game.php?id=1064245"]
[Date "2012.5.30"]
[Round "-"]
[White "Nexus"]
[Black "FerreiraAzevedo"]
[Result "0-1"]
[WhiteElo "1100"]
[BlackElo "2639"]

1. e4 c5 2. f4 Nc6 3. Nf3 e6 4. Bb5 Nge7 5. O-O a6 6. Bxc6 Nxc6 7. c3 Be7 8. Ne5
Nxe5 9. fxe5 d6 10. exd6 Qxd6 11. d4 O-O 12. e5 Qd5 13. Qg4 cxd4 14. cxd4 f5 15.
exf6 Bxf6 16. Bh6 Bxd4+ 0-1

[Event "Let's Play Chess!"]
[Site "http://www.queenalice.com/game.php?id=1064246"]
[Date "2012.5.30"]
[Round "-"]
[White "Nexus"]
[Black "FerreiraAzevedo"]
[Result "0-1"]
[WhiteElo "1100"]
[BlackElo "2657"]

1. d4 Nf6 2. c4 e6 3. Bg5 h6 4. Bxf6 Qxf6 5. a3 c5 6. e3 Nc6 7. Nf3 cxd4 8. exd4
g5 9. Nc3 g4 10. Ne5 Nxe5 11. dxe5 Qxe5+ 12. Be2 f5 13. Qc2 a6 14. O-O-O b6 15.
g3 Bc5 16. f4 gxf3 17. Bd3 O-O 18. Rhf1 Bb7 19. Rfe1 Qg7 20. Rf1 Qe5 21. Rde1
Qf6 22. Na4 Bd4 23. Qb3 b5 24. cxb5 Rfc8+ 25. Kb1 axb5 26. Bxb5 Rab8 27. Rc1
Be4+ 28. Ka1 Rxc1+ 29. Rxc1 Qe5 30. Qc4 f2 31. Nc3 Bxc3 32. Qxc3 Qxb5 33. b4
f1=Q 0-1

[Event "Let's Play Chess!"]
[Site "http://www.queenalice.com/game.php?id=1064248"]
[Date "2012.5.30"]
[Round "-"]
[White "Nexus"]
[Black "FerreiraAzevedo"]
[Result "0-1"]
[WhiteElo "1100"]
[BlackElo "2641"]

1. c4 e5 2. e4 Bc5 3. Nc3 d6 4. Nf3 Nc6 5. a3 Nf6 6. b4 Bb6 7. Na4 Nxe4 8. Nxb6
axb6 9. d4 Bg4 10. Be2 Nc3 11. Qd3 Nxe2 12. dxe5 Nxc1 13. Rxc1 dxe5 14. Qxd8+
Rxd8 15. Ng5 Rd3 16. b5 Nd4 17. f3 Bf5 18. Kf2 Rd2+ 19. Kg3 Ne2+ 0-1

[Event "Let's Play Chess!"]
[Site "http://www.queenalice.com/game.php?id=1064250"]
[Date "2012.5.30"]
[Round "-"]
[White "Nexus"]
[Black "FerreiraAzevedo"]
[Result "0-1"]
[WhiteElo "1100"]
[BlackElo "2640"]

1. e4 e5 2. Nf3 Nc6 3. d4 exd4 4. Bc4 Nf6 5. e5 d5 6. exf6 dxc4 7. Qe2+ Be6 8.
fxg7 Bxg7 9. Ng5 Qd5 10. Nxe6 fxe6 11. Qf3 Qxf3 12. gxf3 O-O-O 13. Bg5 Rd5 14.
Bh4 Ne5 15. Nd2 c3 16. bxc3 dxc3 17. Ne4 Nxf3+ 0-1

[Event "Let's Play Chess!"]
[Site "http://www.queenalice.com/game.php?id=1064457"]
[Date "2012.5.30"]
[Round "-"]
[White "Nexus"]
[Black "FerreiraAzevedo"]
[Result "0-1"]
[WhiteElo "1100"]
[BlackElo "2655"]

1. e4 e5 2. Nf3 Nc6 3. d4 exd4 4. Bc4 Nf6 5. Bg5 h6 6. Bxf6 Qxf6 7. O-O Bd6 8.
a3 O-O 9. Bd3 Re8 10. Re1 a6 11. Nbd2 Bf4 12. Re2 d6 13. g3 Bxd2 14. Rxd2 Bg4
15. Kg2 Qe6 16. Qe1 Bxf3+ 17. Kxf3 d5 18. Re2 dxe4+ 19. Rxe4 Ne5+ 20. Kg2 Qc6
21. Kh3 Nf3 22. Rxe8+ Rxe8 23. Qb4 Ng5+ 24. Kg4 Re4+ 25. Bxe4 Qxe4+ 26. f4 Qe2+
0-1

[Event "Let's Play Chess!"]
[Site "http://www.queenalice.com/game.php?id=1064458"]
[Date "2012.5.30"]
[Round "-"]
[White "Nexus"]
[Black "FerreiraAzevedo"]
[Result "0-1"]
[WhiteElo "1100"]
[BlackElo "2645"]

1. d4 d5 2. c4 e6 3. Nf3 Be7 4. Nc3 Nc6 5. e3 Nf6 6. a3 O-O 7. Bd3 dxc4 8. Bxc4
a6 9. Qc2 Bd6 10. Bd3 e5 11. d5 Ne7 12. Ng5 h6 13. Nh7 Nxh7 14. Bxh7+ Kh8 15.
Ne4 f5 16. Nxd6 cxd6 17. e4 Kxh7 18. f4 fxe4 19. fxe5 dxe5 20. Qxe4+ Bf5 21.
Qxe5 Nc6 0-1

[Event "Let's Play Chess!"]
[Site "http://www.queenalice.com/game.php?id=1064459"]
[Date "2012.5.30"]
[Round "-"]
[White "Nexus"]
[Black "FerreiraAzevedo"]
[Result "0-1"]
[WhiteElo "1100"]
[BlackElo "2644"]

1. e4 e5 2. f4 exf4 3. Nf3 g5 4. Bc4 g4 5. Bxf7+ Kxf7 6. Ne5+ Ke8 7. Qxg4 Nf6 8.
Qxf4 d6 9. Nf3 Rg8 10. Rg1 Rg4 11. Qxg4 Nxg4 12. h3 Ne5 13. d4 Nxf3+ 14. gxf3
Qf6 15. Rg8 Qxf3 16. Bh6 Nd7 17. Nd2 Qh1+ 18. Nf1 Qxe4+ 19. Kd1 Kf7 20. Rg4 Qf3+
0-1

[Event "Let's Play Chess!"]
[Site "http://www.queenalice.com/game.php?id=1065133"]
[Date "2012.5.30"]
[Round "-"]
[White "Nexus"]
[Black "FerreiraAzevedo"]
[Result "0-1"]
[WhiteElo "1100"]
[BlackElo "2656"]

1. d4 Nf6 2. c4 c5 3. d5 b5 4. cxb5 a6 5. Nc3 axb5 6. Nxb5 e6 7. d6 Qa5+ 8. Nc3
Ne4 9. Bd2 Nxd2 10. Qxd2 Ra6 11. Ne4 Bb7 12. e3 Bxe4 13. Bxa6 Qxd2+ 14. Kxd2
Bxg2 15. Ne2 Bxh1 16. Rxh1 Nxa6 17. Rg1 g6 18. Rc1 Bxd6 19. a3 Ke7 20. h3 Rb8
21. Rc2 Be5 22. Nc3 c4 23. f4 Bg7 24. e4 Nc5 25. e5 Nd3 26. Ke3 Nxb2 27. a4 f6
28. Nb5 fxe5 29. a5 Rxb5 0-1

[Event "Let's Play Chess!"]
[Site "http://www.queenalice.com/game.php?id=1065134"]
[Date "2012.5.30"]
[Round "-"]
[White "Nexus"]
[Black "FerreiraAzevedo"]
[Result "0-1"]
[WhiteElo "1100"]
[BlackElo "2642"]

1. d4 d5 2. Nf3 Nf6 3. Bg5 Ne4 4. e3 f6 5. Bf4 g5 6. Bg3 h5 7. h4 Nxg3 8. fxg3
g4 9. Nfd2 Bh6 10. Qe2 Qd6 11. c4 Qxg3+ 12. Qf2 Qxe3+ 13. Be2 Nc6 14. Nb3 Nb4
15. Qxe3 Nc2+ 16. Kd2 Nxe3 17. Kc1 dxc4 18. N3d2 Bf5 19. Nc3 O-O-O 0-1

[Event "Let's Play Chess!"]
[Site "http://www.queenalice.com/game.php?id=1065135"]
[Date "2012.5.30"]
[Round "-"]
[White "Nexus"]
[Black "FerreiraAzevedo"]
[Result "0-1"]
[WhiteElo "1100"]
[BlackElo "2651"]

1. d4 Nf6 2. Nf3 d5 3. c4 e6 4. Bg5 Be7 5. Bxf6 Bxf6 6. Ne5 c5 7. e3 cxd4 8.
exd4 Nc6 9. Nxc6 bxc6 10. cxd5 exd5 11. Be2 Rb8 12. Qa4 O-O 13. O-O Rxb2 14. Bd3
Qb6 15. Nc3 Bxd4 16. Ne2 Rb4 17. Qd1 Bxa1 18. Qxa1 Bg4 19. h3 Bxe2 20. Bxe2 Rb2
21. Bd3 c5 22. Rb1 Rxb1+ 23. Qxb1 Qxb1+ 24. Bxb1 Rb8 0-1

[Event "Let's Play Chess!"]
[Site "http://www.queenalice.com/game.php?id=1065136"]
[Date "2012.5.30"]
[Round "-"]
[White "Nexus"]
[Black "FerreiraAzevedo"]
[Result "0-1"]
[WhiteElo "1100"]
[BlackElo "2658"]

1. Nf3 Nf6 2. d4 d5 3. Nc3 c5 4. Bf4 Nc6 5. e3 Bg4 6. Be2 e6 7. O-O Rc8 8. h3
Bxf3 9. Bxf3 cxd4 10. exd4 Bd6 11. Bxd6 Qxd6 12. Nb5 Qd8 13. c3 O-O 14. Re1 Qb6
15. Nd6 Rcd8 16. Nxf7 Rxf7 17. Rxe6 Qxb2 18. Rc1 Qxa2 19. c4 dxc4 20. Bxc6 bxc6
21. Rxc6 Nd5 22. Rc2 Qb3 23. R6xc4 Rxf2 24. Rc8 Rff8 25. Rxd8 Rxd8 26. Qe2 Qb1+
27. Kh2 Ne3 28. Qxe3 Qxc2 29. Qe6+ Kf8 30. d5 Qc7+ 31. Kh1 Qc1+ 32. Kh2 Qf4+ 33.
Kg1 Re8 0-1

[Event "Let's Play Chess!"]
[Site "http://www.queenalice.com/game.php?id=1065137"]
[Date "2012.5.30"]
[Round "-"]
[White "Nexus"]
[Black "FerreiraAzevedo"]
[Result "0-1"]
[WhiteElo "1100"]
[BlackElo "2660"]

1. e4 c5 2. Nf3 Nc6 3. d4 cxd4 4. Bc4 Nf6 5. e5 Nxe5 6. Nxe5 Qa5+ 7. c3 Qxe5+ 8.
Qe2 Qxe2+ 9. Bxe2 dxc3 10. Nxc3 a6 11. O-O d5 12. Bf3 e6 13. Re1 Be7 14. Bg5 Bd7
15. Rac1 O-O 16. Ne2 Bd6 17. Bxf6 gxf6 18. g3 Rfc8 19. Rxc8+ Rxc8 20. Rc1 Rxc1+
21. Nxc1 Kg7 22. Kf1 Bc6 23. Nb3 b6 24. Be2 Bb7 25. f4 e5 26. f5 Kh6 27. h4 e4
28. Kf2 Be5 29. g4 Bxb2 30. Ke3 Be5 31. Nd4 Bg3 32. h5 Kg5 33. a3 Bf4+ 34. Kf2
b5 35. Nb3 Bd6 0-1

[Event "Let's Play Chess!"]
[Site "http://www.queenalice.com/game.php?id=1065138"]
[Date "2012.5.30"]
[Round "-"]
[White "Nexus"]
[Black "FerreiraAzevedo"]
[Result "0-1"]
[WhiteElo "1100"]
[BlackElo "2649"]

1. d4 d5 2. g3 c5 3. Bg2 cxd4 4. Qxd4 Nf6 5. Nc3 Nc6 6. Qa4 e5 7. Bg5 Bd7 8. Qb3
Nd4 9. Qxb7 Nxc2+ 10. Kf1 Rb8 11. Qxa7 Nxa1 12. Bxf6 gxf6 13. Nxd5 Rc8 14. Bh3
Bxh3+ 15. Nxh3 Qxd5 16. f3 Qd1+ 17. Kg2 Qxe2+ 18. Nf2 Bc5 19. Qb7 Qxf2+ 20. Kh3
O-O 21. Rxa1 Rb8 22. Qe4 Rxb2 23. Rh1 Qg2+ 0-1

[Event "Let's Play Chess!"]
[Site "http://www.queenalice.com/game.php?id=1065139"]
[Date "2012.5.30"]
[Round "-"]
[White "Nexus"]
[Black "FerreiraAzevedo"]
[Result "0-1"]
[WhiteElo "1100"]
[BlackElo "2661"]

1. Nc3 e5 2. e4 Nc6 3. Nf3 Nf6 4. Bc4 Bc5 5. h3 d6 6. a3 Nd4 7. d3 O-O 8. Nxd4
Bxd4 9. Qf3 Be6 10. Bg5 Bxc3+ 11. bxc3 Bxc4 12. dxc4 Re8 13. O-O Re6 14. Rfd1
Qe8 15. Rab1 b6 16. Rd3 Qa4 17. Qg3 Nxe4 18. Qg4 Qxc2 19. Qxe4 Qxb1+ 20. Kh2
Rae8 21. Qe2 Qb3 22. Qe4 Qxa3 23. Rf3 a5 24. Qg4 a4 25. Bf6 g6 26. h4 Qb2 27. h5
a3 28. Qg5 a2 29. Qh6 Rxf6 30. Rxf6 Qb1 31. Rxf7 Kxf7 32. Qxh7+ Kf6 33. Qxc7
a1=Q 34. Qxd6+ Re6 35. Qf8+ Kg5 36. f4+ Kg4 0-1

[Event "Let's Play Chess!"]
[Site "http://www.queenalice.com/game.php?id=1065140"]
[Date "2012.5.30"]
[Round "-"]
[White "Nexus"]
[Black "FerreiraAzevedo"]
[Result "0-1"]
[WhiteElo "1100"]
[BlackElo "2646"]

1. e4 c5 2. f4 Nc6 3. Nf3 e6 4. Bb5 d5 5. exd5 exd5 6. O-O Bd6 7. Bxc6+ bxc6 8.
d3 Ne7 9. Nc3 O-O 10. Ne2 Re8 11. Ng3 Bg4 12. Qd2 Ng6 13. Ng5 h6 14. f5 Nh4 15.
Nf3 Nxf3+ 16. gxf3 Bh3 17. Re1 Qf6 18. Rb1 Qd4+ 19. Kh1 Bf4 20. Rxe8+ Rxe8 21.
Qd1 Qf2 0-1

[Event "Let's Play Chess!"]
[Site "http://www.queenalice.com/game.php?id=1065141"]
[Date "2012.5.30"]
[Round "-"]
[White "Nexus"]
[Black "FerreiraAzevedo"]
[Result "0-1"]
[WhiteElo "1100"]
[BlackElo "2652"]

1. e4 e5 2. f4 exf4 3. Nf3 Be7 4. Bc4 Bh4+ 5. Kf1 Be7 6. d4 Nf6 7. Nc3 Nxe4 8.
Bxf4 Nxc3 9. bxc3 d5 10. Bb5+ c6 11. Bd3 c5 12. dxc5 O-O 13. Be3 Nd7 14. Nd4
Nxc5 15. Qh5 Nxd3 16. cxd3 Qa5 17. Nf5 Bf6 18. Bd4 Bxf5 19. Qxf5 Bxd4 20. cxd4
Qc3 21. Re1 Rae8 22. Kf2 Qd2+ 23. Kg3 Rxe1 24. Rxe1 Qxe1+ 0-1

[Event "Let's Play Chess!"]
[Site "http://www.queenalice.com/game.php?id=1065142"]
[Date "2012.5.30"]
[Round "-"]
[White "Nexus"]
[Black "FerreiraAzevedo"]
[Result "0-1"]
[WhiteElo "1100"]
[BlackElo "2653"]

1. d4 d5 2. c4 e6 3. Nf3 Be7 4. Nc3 Nf6 5. Bf4 Nc6 6. c5 Nh5 7. Bg3 Nxg3 8. fxg3
e5 9. e3 e4 10. Ng1 Bg5 11. Kd2 O-O 12. h4 Bh6 13. g4 f6 14. a3 b6 15. b4 bxc5
16. dxc5 Be6 17. Bb5 Ne5 18. Nge2 d4 19. Nxe4 Bxe3+ 20. Ke1 Qd5 21. Bd3 f5 22.
gxf5 Bxf5 23. Rc1 Bxe4 24. Bc4 Bf2+ 25. Kd2 Nxc4+ 0-1

[Event "Let's Play Chess!"]
[Site "http://www.queenalice.com/game.php?id=1066025"]
[Date "2012.5.30"]
[Round "-"]
[White "Kingfish"]
[Black "Nexus"]
[Result "1-0"]
[WhiteElo "2019"]
[BlackElo "1100"]

1. e4 c6 2. d4 d5 3. Nc3 dxe4 4. Nxe4 Bf5 5. Ng3 Bg6 6. Nf3 e6 7. Bd3 Bxd3 8.
Qxd3 h6 9. O-O Nf6 10. Re1 Nbd7 11. Nf5 Qc7 12. Ne3 Bd6 13. Nf5 Bf8 14. Qc4 Nd5
15. g3 g6 16. N5h4 Be7 17. Ng2 g5 18. Bd2 Bd6 19. a3 N7b6 20. Qd3 Nd7 21. Ne3
Nxe3 22. Bxe3 Nf6 23. Rac1 Ng4 24. c4 Nxe3 25. Qxe3 Qd7 26. c5 Bc7 27. Qc3 Qd5
28. Ne5 Bxe5 29. Rxe5 Qd7 30. Rd1 O-O-O 31. b4 f6 32. Ree1 h5 33. Qf3 f5 34. Qe3
h4 35. Qxe6 Qxe6 36. Rxe6 Rd5 37. Re5 Kd7 38. Rxd5+ cxd5 39. Re1 hxg3 40. fxg3
Re8 41. Rxe8 Kxe8 42. Kf2 Kd7 43. b5 Ke6 44. h4 1-0